| LEADER |
00632nam0a2200181 450 |
| 001 |
16829270 |
| 010 |
|
|
|a 978-2-08-139568-8
|d 22
|
| 100 |
|
|
|a 20180117d2018 u u0frey01 ba
|
| 101 |
1 |
|
|a fre
|c eng
|
| 102 |
|
|
|a FR
|
| 200 |
0 |
|
|a Trois filles d'Eve
|f Elif Shafak
|g trad. Dominique Goy-Blanquet
|
| 207 |
|
1 |
|a
|
| 210 |
|
|
|a Paris
|b 26 rue Racine.
|c Flammarion
|d 2018
|
| 700 |
|
0 |
|a Shafak
|b Elif
|f 1971-....
|4 70
|
| 702 |
|
0 |
|a Goy-Blanquet
|b Dominique
|c auteure en littérature anglaise
|f 1944-....
|4 730
|
| 900 |
|
|
|a Roman
|
| 901 |
|
|
|a Accessible au prêt
|
| 995 |
|
|
|a Bibliothèque
|c Bibliothèque
|f 024018546
|h 024018546
|k R SHA
|o p
|q a
|r az
|e Bibliothèque
|